000 01127nam a2200301Ia 4500
003 OSt
005 20220930091552.0
006 a|||||r|||| 00| 0
007 ta
008 220926b |||||||| |||| 00| 0 eng d
024 _a6519
037 _cTheses
040 _aCRL
_cCRL
_beng
041 _2eng
_aeng
100 _aJain Shruti Au.
_9546031
110 _aUniversity of Delhi. Faculty of Medical Sciences. Department of Obstetrics and Gynaecology
245 0 _aPredictors of maternal outcome in obstetric patients admitted to intensive care unit
_b a consecutive follow up study
260 _c2012
300 _a107
_ap.
_ccm.
650 _aWOMEN - DISEASES
700 _a Dr. Amita Suneja Gu.
_9532706
700 _a Dr. Kiran Guleria Gu.
_9533718
700 _a Dr. Neelam B. Vaid Gu.
_9533687
700 _a Dr. Sharmila Ahuja Gu.
_9535976
700 _aUniversity of Delhi. Faculty of Medical Sciences. Department of Obstetrics and Gynaecology
942 _cDIS
_2CC
999 _c882270
_d882270